000 01049nam a2200301 a 4500
001 BRCA_371
005 20190320202959.0
008 741017s1974 enka---##b---#001-0#eng-#
020 _a0140560084
040 _aDLC
_cDLC
_dDLC
050 4 _aN7350
_b.P3 1973
100 1 _aPaine, Robert Treat
_d1900-1965
_91246
245 1 0 _aThe Art and Architecture of Japan
_cRobert Treat Paine, Alexander Soper.
250 _a2
260 _aBaltimore
_bPenguin Books
_c1974
300 _axviii, 328 p., [87] de láminas
_bil. (1 a color)
_c27 cm.
440 0 _aThe Pelican history of art Join Editors: Nikolaus Persner and Judy Nair
_91247
500 _aIncluye lista cronológica
500 _aIncluye índice analítico y glosario
500 _aResponsable de la actualización de la
500 _aDonación Fundación Japón
504 _aBibliografía: p. 293-306
650 1 4 _aArte japonés
_xHistoria
_91248
650 1 4 _aArquitectura
_xHistoria
_zJapón
_91249
700 1 _aSoper, Alexander Coburn
_d1904-
_91250
902 _aDFJ
942 _2lcc
_cB
999 _c308
_d308